00611nam a22001697a 450000500170000001000150001702000270003203500130005903700130007208200140008524501310009926000300023027000840026030000290034450500480037370000200042120150323121647.0 aENG-112227 c1350.00a9788180389740 aEN-95759 bDBAD/PUB a340.95482 aMLJ's Madras law journal digest 2012-2013 :bedited by S S Subramani...[et al]ccivil and criminal with equivalent citations / aGurgoanbLexisNexisc2013 bGurgoane122002a14th Floor, Building No. 10, Tower-B, DLF Cyber City, Phase-II aV.7(li, 768p.)c26cm(Hb) av.7- Administrative law - words and phrases aSubramani, S.S.